| 000 | 00684nam a2200205 a 4500 | ||
|---|---|---|---|
| 005 | 20240910063746.0 | ||
| 008 | 060403s2004 000 eng d | ||
| 020 | _a9870004172 | ||
| 035 | _aUPN01000144971 | ||
| 049 | _aCG | ||
| 050 | 4 |
_aBF175.4 F4.5 _bD5.7 |
|
| 111 | 2 |
_aDiálogo latinoamericano intergeneracional de mujeres analistas _n(2o. : _cMonterrey, México) |
|
| 245 | 1 | 0 |
_aSer y hacer de las mujeres : _breflexiones psicoanáliticas / _ccoord. Alcira Mariam Alizade. |
| 260 |
_aBuenos Aires : _bLumen, _c2004. |
||
| 300 | _a186 p. | ||
| 650 | 2 |
_aFeminidad _917919 |
|
| 650 | 4 |
_aPsicoanálisis _91572 |
|
| 700 | 1 |
_aAlizade, Alcira Mariam, _ecoord. _928701 |
|
| 905 | _aLibro | ||
| 999 |
_c117118 _d117118 |
||